000 00449nam a2200181Ia 4500
005 20250326125412.0
008 250326s9999 xx 000 0 und d
037 _aTextbook
040 _aFMSL
_beng
_cFMSL
041 _aeng
_2eng
084 _aY K7
_qFMSL
100 _aDavis K
_9292457
245 0 _aHuman society
_cDavis K
260 _aNY
_bNY, Macmillan
_c1967
300 _a657p
942 _cTB
_hY K7
999 _c1277898
_d1277898